| 000 | 00673cam a22002413a 4500 | ||
|---|---|---|---|
| 001 | 15759 | ||
| 003 | PGUSA | ||
| 005 | 20140828083334.0 | ||
| 008 | 050503s2005||||xxu|||||s|||||000 | eng d | ||
| 040 |
_aPGUSA _beng |
||
| 042 | _adc | ||
| 050 | 4 | _aHN | |
| 100 | 1 |
_aLee, Gerald Stanley, _d1862-1944 |
|
| 245 | 1 | 0 |
_aCrowds : _bA Moving-Picture of Democracy _h[electronic resource] / _cGerald Stanley Lee |
| 260 |
_bProject Gutenberg, _c2005 |
||
| 506 | _aPublic domain in the USA. | ||
| 516 | _aElectronic text | ||
| 653 | _aSocial problems | ||
| 653 | _aCrowds | ||
| 830 | 0 |
_aProject Gutenberg _v15759 |
|
| 856 | 4 | 0 | _uhttp://www.gutenberg.org/ebooks/15759 |
| 942 | _cEB | ||
| 999 |
_c245014 _d245014 |
||